Alejandro Volta
Enregistré dans:
| Format: | Livre |
|---|---|
| Langue: | Spanish |
| Publié: |
México : Conalep / Limusa
1988
|
| Collection: | Metrología técnica
Los Científicos y el sistema internacional de unidades |
| Sujets: | |
| Tags: |
Ajouter un tag
Pas de tags, Soyez le premier à ajouter un tag!
|
MARC
| LEADER | 00000nam a2200000Ia 4500 | ||
|---|---|---|---|
| 003 | MV0017 | ||
| 005 | 20221231143948.0 | ||
| 008 | 140114s1988 mx a 000 ||spa d | ||
| 020 | |a 9681820312 | ||
| 040 | |c cru CEDI | ||
| 090 | |a MV 17 | ||
| 245 | |a Alejandro Volta | ||
| 260 | |a México : Conalep / Limusa |c 1988 | ||
| 300 | |a 88 páginas | ||
| 440 | |a Metrología técnica |9 21005 | ||
| 440 | |a Los Científicos y el sistema internacional de unidades |9 21006 | ||
| 650 | |x Volta, Alessandro Giuseppe, Antonio Anastasio, 1745-1827 |x FISICOS -- ITALIA -- BIOGRAFIA |9 21007 | ||
| 942 | |c MX | ||
| 999 | |c 14849 |d 14849 | ||



